000 01037nam a22003617a 4500
003 OSt
005 20260504104151.0
007 ta
008 260504s2025 ag ||||| |||| 00| 0 spa d
020 _a9789878059891
040 _ccj catamarca
082 _a343.13 P293t
100 0 _962
_aPastor, Daniel R.
245 1 3 _aEl tiempo del plazo razonable:
_bEs tiempo para el proceso de limitar el proceso en el tiempo
250 _a1º ed.
260 _aBuenos Aires:
_bHammurabi,
_c2025
300 _a146 p.
_c23 cm
500 _aINVENTARIO Nº 8161
650 7 _2SAIJ
653 _aDERECHO PROCESAL PENAL
653 _aPLAZO RAZONABLE
653 _aPLAZO-NIÑOS
653 _aPLAZO-PROCESO
653 _aTRIBUNALES-TIEMPO
653 _aPROCESO PENAL-DURACION
653 _aCPPF-art. 119
653 _aCPPF-art. 335
653 _aCASO "MENEM"
653 _aPLAZO MAXIMO
653 _aCASO "MATTEI"
856 _uhttps://drive.google.com/file/d/1rqdrOn9hDzcMeMpM3sEsP_gOOEXir7wK/view?usp=sharing
942 _2ddc
_cBK
_n0
999 _c6532
_d6532